000
00326 a2200145 4500
001
195220
020
_a
978-85-380-5439-9
040
_c
Magnum
240
1
0
_a
A assembleia dos ratos
_l
por
245
1
0
_a
A assembleia dos ratos
362
0
_a
2016
440
1
_a
Ciranda Cultural
697
_a
LITERATURA INFANTIL
942
_c
BK
999
_c
195220
_d
195220